| 000 | 00516nam a2200145 i 4500 | ||
|---|---|---|---|
| 001 | 43983 | ||
| 003 | ES-MaACL | ||
| 007 | t| | ||
| 008 | 030320s1940 sp ||||1| spa d | ||
| 100 | 1 |
_aCayuela, Arturo María. _937216 |
|
| 245 | 1 | 0 |
_aHumanidades clásicas _b: análisis de sus aptitudes para constituir la base de unos estudios esencialmente formativos / _cArturo María Cayuela. |
| 260 |
_aZaragoza : _b[s.n., _c1940] ( _eSantander : _fAldus) |
||
| 300 |
_a826 p. ; _c25 cm. |
||
| 852 |
_aES-MaACL _jE-1722 _bR.22550 |
||
| 999 |
_c43983 _d43983 |
||